[Event "51st Canadian Open 2014"]
[Site "Montreal CAN"]
[Date "2014.07.26"]
[Round "9.11"]
[White "Perez Garcia, Rodney Oscar"]
[Black "Gentes, Kevin"]
[Result "1/2-1/2"]
[WhiteTitle "IM"]
[BlackTitle "FM"]
[WhiteElo "2357"]
[BlackElo "2261"]
[WhiteFideId "3500918"]
[BlackFideId "2601109"]
[EventDate "2014.07.19"]

1. e4 e5 2. Nf3 Nc6 3. Bc4 Nf6 4. d3 Bc5 5. O-O d6 6. c3 a6 7. Bb3 Ba7 8. Nbd2
O-O 9. h3 Be6 10. Re1 Bxb3 11. Qxb3 Rb8 12. Nf1 h6 13. Be3 Re8 14. Bxa7 Nxa7 15.
Ng3 Nc6 16. d4 Nd7 17. Rad1 Qf6 18. dxe5 Ncxe5 19. Nd4 Ng6 20. Ndf5 Nf4 21. Qc2
Nc5 22. Qd2 Nce6 23. Qe3 h5 24. Ne2 Qg5 25. Qf3 Nxe2+ 26. Rxe2 g6 27. Nd4 Qf4
28. Qxf4 Nxf4 29. Re3 Re7 30. h4 1/2-1/2

[Event "51st Canadian Open 2014"]
[Site "Montreal CAN"]
[Date "2014.07.26"]
[Round "9.12"]
[White "Rodriguez, Adrien"]
[Black "Leveille, Francois"]
[Result "1-0"]
[BlackTitle "FM"]
[WhiteElo "2203"]
[BlackElo "2281"]
[WhiteFideId "20691866"]
[BlackFideId "2600307"]
[EventDate "2014.07.19"]

1. d4 Nf6 2. Nf3 g6 3. c4 Bg7 4. Nc3 O-O 5. g3 d6 6. Bg2 Nbd7 7. O-O e5 8. Qc2
c6 9. Rd1 Re8 10. e4 Qa5 11. d5 cxd5 12. Nxd5 Nxd5 13. cxd5 Nf6 14. Bd2 Qb6 15.
h3 Bd7 16. Re1 Rec8 17. Qb3 Rc5 18. Qxb6 axb6 19. Bb4 Rc2 20. Bxd6 Rxb2 21. Bxe5
Rbxa2 22. Rab1 b5 23. Nd4 Re8 24. f4 Nh5 25. Bxg7 Kxg7 26. Ne2 Rc8 27. g4 Rxe2
28. Rxe2 Nxf4 29. Re3 Rc2 30. Bf1 Rc5 31. Kh2 g5 32. Rb2 h5 33. gxh5 Kh6 34.
Reb3 Kxh5 35. Bxb5 Bxb5 36. Rxb5 Rc3 37. R5b3 Rc4 38. Rd2 Rxe4 39. d6 Re8 40. d7
Rd8 41. Rc3 Ne6 42. Rc8 Kg6 43. Rxd8 Nxd8 44. Re2 1-0

[Event "51st Canadian Open 2014"]
[Site "Montreal CAN"]
[Date "2014.07.26"]
[Round "9.13"]
[White "Villavieja, Butch"]
[Black "Ruiz Sanchez, Orlen"]
[Result "0-1"]
[BlackTitle "IM"]
[WhiteElo "2158"]
[BlackElo "2465"]
[WhiteFideId "5204461"]
[BlackFideId "3506231"]
[EventDate "2014.07.19"]

1. e4 c5 2. Nf3 d6 3. d4 cxd4 4. Nxd4 Nf6 5. Nc3 a6 6. Bc4 e6 7. Bb3 b5 8. O-O
Be7 9. Qf3 Qb6 10. Be3 Qb7 11. Qg3 b4 12. Na4 Nbd7 13. Bxe6 fxe6 14. Nxe6 g6 15.
f3 Ne5 16. Nf4 O-O 17. b3 Bd7 18. Nb6 Rae8 19. Rad1 Bb5 20. Rf2 Bd8 21. Nbd5
Nxd5 22. Nxd5 Bc6 23. Rfd2 Bxd5 24. Rxd5 Bb6 25. Bxb6 Qxb6+ 26. Kh1 Nf7 27. h4
Kh8 28. h5 Rg8 29. Qf4 Qa7 30. Qf6+ Rg7 31. h6 Nxh6 32. Rxd6 Qe7 33. Qxe7 Rgxe7
34. Rxa6 Rc8 35. Rd4 Rb7 36. Rd2 Kg7 37. a3 bxa3 38. Rxa3 Nf7 39. Ra6 Rbc7 40.
Ra2 g5 41. c4 Rb8 42. Ra3 Rcb7 43. Rd3 h6 44. Kh2 Ne5 45. Rd5 Ng6 46. Rd3 Nf4
47. Re3 Ne6 48. e5 Nc5 49. e6 Re7 50. Kg3 Rxe6 51. Rxe6 Nxe6 52. Kg4 Kg6 53. g3
Rb6 54. Kh3 Nc5 55. Ra5 Nxb3 56. Rb5 Rxb5 57. cxb5 Kf5 58. b6 Nc5 59. Kg2 Ke5
60. Kh3 Kf5 61. Kg2 Nb7 62. Kh3 Nd6 63. Kg2 h5 64. Kh3 Kg6 65. Kg2 g4 66. Kf2
Kf5 67. Kg2 Ke5 68. Kf2 Kd4 69. Ke2 Nb7 70. Kf2 Kd3 71. f4 Kd4 72. Ke2 Nd6 73.
Kf2 Kc5 74. f5 Kxb6 75. f6 Ne4+ 0-1

[Event "51st Canadian Open 2014"]
[Site "Montreal CAN"]
[Date "2014.07.26"]
[Round "9.14"]
[White "Sapozhnikov, Roman"]
[Black "Perez Rodriguez, Luis Manuel"]
[Result "1/2-1/2"]
[WhiteTitle "FM"]
[BlackTitle "GM"]
[WhiteElo "2299"]
[BlackElo "2387"]
[WhiteFideId "2601842"]
[BlackFideId "3503364"]
[EventDate "2014.07.19"]

1. e4 c5 2. Nf3 d6 3. d4 cxd4 4. Nxd4 Nf6 5. Nc3 Nc6 6. Bg5 g6 7. Bxf6 exf6 8.
Bc4 Bg7 9. Ndb5 O-O 10. Qxd6 f5 11. Qxd8 Rxd8 12. Rd1 Rxd1+ 13. Kxd1 Be5 14. Bd5
a6 15. Na3 fxe4 16. Nc4 Bxc3 17. bxc3 Bf5 18. Kc1 Kg7 19. Ne3 Re8 20. Rd1 Kf6
21. Bxc6 bxc6 22. Rd7 Re5 23. Ra7 Bc8 24. Nc4 Rc5 25. Nd6 Bf5 26. g4 Ke6 27. Nb7
Rxc3 28. gxf5+ gxf5 29. Kd2 Rh3 30. Nc5+ Kd6 31. Nb3 Rxh2 32. Ke2 a5 33. Rxa5 f4
34. Nc5 f5 35. Ke1 h5 36. Nb7+ Kc7 37. Rxf5 Kxb7 1/2-1/2

[Event "51st Canadian Open 2014"]
[Site "Montreal CAN"]
[Date "2014.07.26"]
[Round "9.16"]
[White "Plotkin, Victor"]
[Black "Pina Vega, Sulennis"]
[Result "1/2-1/2"]
[WhiteTitle "FM"]
[BlackTitle "WGM"]
[WhiteElo "2275"]
[BlackElo "2317"]
[WhiteFideId "2606674"]
[BlackFideId "3503151"]
[EventDate "2014.07.19"]

1. e4 c5 2. c3 d6 3. d4 Nd7 4. Nf3 g6 5. Bc4 Nb6 6. Bb3 c4 7. Bc2 Bg4 8. h3 Bxf3
9. Qxf3 Bg7 10. O-O e5 11. Be3 Ne7 12. dxe5 dxe5 13. Na3 Qc7 14. Qe2 Nec8 15. b3
O-O 16. bxc4 Nd7 17. Rfd1 a6 18. Rab1 Ncb6 19. Rb4 Rfb8 20. c5 Nxc5 21. Bxc5
Qxc5 22. Nc4 Nxc4 23. Rxc4 Qe7 24. Rd5 Rc8 25. Bb3 b5 26. Rxc8+ Rxc8 27. Qd3 Rc7
28. Rd6 a5 29. Rb6 b4 30. cxb4 axb4 31. Qd6 Bf8 32. Qxe7 Bxe7 33. Kf1 Kg7 34.
Ke2 h5 35. Rb5 Kf6 36. Rb6+ Kg7 37. Rb5 Kf6 38. Kd2 Bc5 39. Kd3 Bxf2 40. Rxb4
Kg5 41. Rc4 Rd7+ 42. Ke2 Ba7 43. Rc6 h4 44. Bd5 Bd4 45. a4 Ra7 46. a5 Rxa5 47.
Bxf7 Kf4 48. Rxg6 Kxe4 49. Be6 Be3 50. Rg4+ Bf4 51. Rxh4 Ra3 52. Rh5 Re3+ 53.
Kd1 Rd3+ 54. Kc2 Rd2+ 55. Kc3 Rxg2 56. Bg4 Ke3 57. Rh7 Bg3 58. Re7 Rg1 59. Kc4
Ra1 60. Kd5 Ra5+ 61. Ke6 e4 62. Rb7 Re5+ 63. Kf6 Kd4 64. Rb1 Bh4+ 65. Kg6 e3 66.
Rb2 Be1 67. Re2 Bc3 68. Rg2 Re7 69. Kh6 Re8 70. Kg6 Be1 71. Kf7 Re5 72. Be2 Rf5+
73. Kg6 Ke5 74. Rg5 1/2-1/2

[Event "51st Canadian Open 2014"]
[Site "Montreal CAN"]
[Date "2014.07.26"]
[Round "9.17"]
[White "Rey, Fabrice"]
[Black "Zhou, Qiyu"]
[Result "1-0"]
[BlackTitle "WCM"]
[WhiteElo "2152"]
[BlackElo "2029"]
[WhiteFideId "606820"]
[BlackFideId "505161"]
[EventDate "2014.07.19"]

1. d4 Nf6 2. c4 g6 3. Nc3 Bg7 4. e4 d6 5. Be2 O-O 6. Bg5 Na6 7. f4 c5 8. d5 Qe8
9. Nf3 Nd7 10. O-O h6 11. Bh4 e5 12. Nb5 f6 13. Nxd6 Qe7 14. fxe5 Nxe5 15. Nxc8
Raxc8 16. Bg3 Ng4 17. Qb1 f5 18. Nh4 Qg5 19. Bxg4 Qxg4 20. exf5 Qxc4 21. Nxg6
Rfe8 22. d6 Rcd8 23. Ne7+ Kh8 24. f6 Qd4+ 25. Rf2 Bxf6 26. Qg6 Bxe7 27. Qxh6+
Kg8 28. Qg6+ Qg7 29. Qxg7+ Kxg7 30. dxe7 Rd5 31. Bh4 Nc7 32. Raf1 Rh5 33. Rf7+
Kg8 34. Bg3 Ne6 35. Bd6 Rh8 36. R7f6 Ng7 37. Bxc5 b6 38. Bd6 Kh7 39. Rf7 Rhg8
40. R1f3 Kh6 41. R3f6+ Kh5 42. Rf8 Kg5 43. Bf4+ Kh5 44. Rh6+ Kg4 45. h3# 1-0

[Event "51st Canadian Open 2014"]
[Site "Montreal CAN"]
[Date "2014.07.26"]
[Round "9.18"]
[White "Ramachandran, Karthik N"]
[Black "Fleites Marti, Yuleikys"]
[Result "1/2-1/2"]
[BlackTitle "WIM"]
[WhiteElo "2153"]
[BlackElo "2163"]
[WhiteFideId "2005115"]
[BlackFideId "3502759"]
[EventDate "2014.07.19"]

1. d4 d5 2. c4 c6 3. Nf3 Nf6 4. e3 e6 5. b3 Bd6 6. Bb2 O-O 7. Bd3 Qe7 8. O-O c5
9. Ne5 Nc6 10. Nd2 cxd4 11. exd4 Ba3 12. Bxa3 Qxa3 13. cxd5 Nxd4 14. Ndc4 Qc5
15. dxe6 Bxe6 16. Re1 Rad8 17. Qc1 Nc6 18. Nxc6 Qxc6 19. Ne5 Qxc1 20. Raxc1 Ng4
21. Rc3 Nxe5 22. Rxe5 Rc8 23. Rxc8 Rxc8 24. f4 g6 25. Kf2 Kg7 26. Re2 Rc3 27.
Be4 b6 28. Rc2 Rxc2+ 29. Bxc2 Bd5 30. g3 Kf6 31. Ke3 Ke7 32. Kd4 Bf3 33. b4 f6
34. h4 Ke6 35. Bd3 Bg4 36. Bc4+ Kd6 37. Bg8 1/2-1/2

[Event "51st Canadian Open 2014"]
[Site "Montreal CAN"]
[Date "2014.07.26"]
[Round "9.19"]
[White "Tomb, Maroun"]
[Black "Poulin, Maurice"]
[Result "0-1"]
[WhiteElo "2147"]
[BlackElo "1989"]
[WhiteFideId "5300398"]
[BlackFideId "2603225"]
[EventDate "2014.07.19"]

1. c4 g6 2. Nc3 Bg7 3. e4 d6 4. d4 Nc6 5. d5 Nd4 6. Be3 c5 7. Qd2 Qa5 8. Nge2
Nb3 9. Qd1 Nxa1 10. Qxa1 a6 11. Bd2 Qc7 12. a4 f5 13. exf5 Bxf5 14. Ng3 Bd7 15.
Bd3 Nf6 16. h4 Ng4 17. f4 Bd4 18. Nd1 O-O-O 19. Ne2 Bg7 20. Bc3 Bxc3+ 21. Nexc3
Rdf8 22. g3 Bf5 23. Bxf5+ gxf5 24. Qb1 Qa5 25. O-O Qb4 26. Qd3 Rhg8 27. Re1 Rg7
28. Re6 Qb6 29. Nb1 Qc7 30. Nd2 Qd7 31. b3 Rf6 32. Qe2 Kd8 33. Nf3 h6 34. h5 Qe8
35. b4 Rxe6 36. dxe6 Qxh5 37. Qb2 Qh3 38. Ng5 Qxg3+ 39. Kh1 hxg5 0-1

[Event "51st Canadian Open 2014"]
[Site "Montreal CAN"]
[Date "2014.07.26"]
[Round "9.20"]
[White "Kleinplatz, Sam"]
[Black "Zhang, Yuanchen"]
[Result "0-1"]
[WhiteTitle "FM"]
[BlackTitle "FM"]
[WhiteElo "2257"]
[BlackElo "2170"]
[WhiteFideId "616680"]
[BlackFideId "2611902"]
[EventDate "2014.07.19"]

1. g3 Nf6 2. Bg2 d5 3. c4 e6 4. Nf3 Be7 5. d4 O-O 6. O-O dxc4 7. Nbd2 c5 8. Nxc4
Nc6 9. dxc5 Bxc5 10. Bf4 Qe7 11. a3 a5 12. Bd6 Bxd6 13. Qxd6 Qxd6 14. Nxd6 Rd8
15. Rfd1 Nd5 16. Nb5 Bd7 17. e4 Nb6 18. Nd6 Rab8 19. Rac1 e5 20. h3 Be6 21. Bf1
Rd7 22. Rd3 Na4 23. b3 Bxb3 24. Nxb7 Rxd3 25. Bxd3 Rxb7 26. Rxc6 f6 27. Nd2 Nb2
28. Ba6 Rb8 29. Rc8+ Rxc8 30. Bxc8 Ba2 31. Ba6 Kf7 32. Kf1 Ke6 33. Ke2 Kd6 34.
f4 Kc5 35. Ke3 Bc4 36. Bc8 Bb5 37. Be6 Nd1+ 38. Kf3 a4 39. Bg8 h6 40. Kg4 Ne3+
41. Kf3 Nc2 42. Kg4 g6 43. fxe5 fxe5 44. h4 Be2+ 45. Kh3 Nxa3 46. g4 g5 0-1